000 01797nam a2200253Ia 4500
008 260220t1976||||xx |||||||||||||| ||spa||
020 _a8428204527
040 _aPY-SlUNAC
_bspa
_erda
041 _aspa
082 _a519.5
_bP223e
100 _aParker, R. E.
_eAutor
245 0 _aEstadística para biólogos /
_cpor R. E. Parker [Autor]
264 _aBarcelona :
_bOmega,
_c℗1976.
300 _a1 volumen
520 _a"Estadística para biólogos" de R. E. Parker es una obra fundamental que introduce a los biólogos en el uso de la estadística como herramienta esencial para el análisis de datos en investigaciones biológicas. El libro aborda conceptos estadísticos básicos y su aplicación práctica, proporcionando un enfoque accesible para aquellos sin formación previa en estadística. A través de ejemplos concretos y casos de estudio, Parker ilustra cómo aplicar métodos estadísticos a problemas biológicos, como la comparación de grupos, la correlación y el análisis de varianza. Además, enfatiza la importancia de la interpretación adecuada de los resultados estadísticos y de la presentación clara de los datos. Con un estilo didáctico y recursos visuales, la obra facilita la comprensión de técnicas como el muestreo y la estimación, ofreciendo herramientas que permiten a los biólogos tomar decisiones informadas basadas en datos cuantitativos. En definitiva, es un texto valioso que combina teoría y práctica, haciendo de la estadística un aliado en la investigación biológica.
653 _aBiología
653 _aEstadística
653 _aMétodos de investigación
942 _b2026/02/17
_cBK
999 _c7647
_d7647